[Event "Qatar Masters Open 2024"]
[Site "Doha QAT"]
[Date "2024.12.04"]
[Round "2.25"]
[White "Vaz, Ethan"]
[Black "Mendonca, Leon Luke"]
[Result "1/2-1/2"]
[WhiteTitle "IM"]
[BlackTitle "GM"]
[WhiteElo "2378"]
[BlackElo "2642"]
[WhiteFideId "25940783"]
[BlackFideId "35028561"]
[EventDate "2024.12.03"]

1. e4 c5 2. Nf3 e6 3. c3 d5 4. exd5 Qxd5 5. d4 Nf6 6. Na3 Nc6 7. Be2 cxd4 8. Nb5
Qd7 9. Nbxd4 Bc5 10. Nxc6 Qxc6 11. O-O O-O 12. Bf4 Qb6 13. Qb3 Rd8 14. Ne5 Nd5
15. Bg3 f6 16. Nc4 Qxb3 17. axb3 e5 18. Rfd1 Be6 19. Na5 b6 20. Nb7 Rd7 21. Nxc5
bxc5 22. Bb5 Rc7 23. Ra6 Kf7 24. Rda1 Ne7 25. f4 Rb7 26. c4 e4 27. f5 Bd7 28.
Bxd7 Rxd7 29. Bd6 Nxf5 30. Bxc5 Rd2 31. Rxa7+ Rxa7 32. Rxa7+ Kg6 33. b4 Nh4 34.
Kf1 Nxg2 35. b5 e3 36. Re7 Rf2+ 37. Kg1 Rxb2 38. b6 e2 39. Ba3 Ra2 40. b7 e1=Q+
41. Rxe1 Nxe1 42. b8=Q Nf3+ 43. Kf1 Nxh2+ 44. Ke1 Nf3+ 45. Kd1 Rxa3 46. Qb1+ Kf7
47. Qb7+ Kg6 48. Qe4+ Kf7 49. Qd5+ Kg6 1/2-1/2

[Event "Qatar Masters Open 2024"]
[Site "Doha QAT"]
[Date "2024.12.04"]
[Round "2.26"]
[White "Ivanchuk, Vasyl"]
[Black "Balajayeva, Khanim"]
[Result "1/2-1/2"]
[WhiteTitle "GM"]
[BlackTitle "IM"]
[WhiteElo "2630"]
[BlackElo "2362"]
[WhiteFideId "14100010"]
[BlackFideId "13406396"]
[EventDate "2024.12.03"]

1. c4 Nf6 2. Nf3 e6 3. g3 d5 4. Bg2 Be7 5. O-O O-O 6. b3 c5 7. Bb2 Nc6 8. e3 d4
9. exd4 cxd4 10. Re1 Bc5 11. d3 Re8 12. Ne5 Nxe5 13. Rxe5 Qd6 14. f4 Rb8 15. Nd2
b6 16. Ne4 Nxe4 17. Bxe4 Bb7 18. Bxb7 Rxb7 19. Qf3 Rbe7 20. Rae1 f6 21. R5e4 e5
22. Bc1 exf4 23. Bxf4 Qd7 24. h4 Rxe4 25. Rxe4 Rxe4 26. Qxe4 h5 27. Qg6 Qg4 28.
Qe8+ Kh7 29. Kf2 a5 30. Qe4+ Kg8 31. Qe8+ Kh7 32. Qe4+ 1/2-1/2

[Event "Qatar Masters Open 2024"]
[Site "Doha QAT"]
[Date "2024.12.04"]
[Round "2.27"]
[White "Kiolbasa, Oliwia"]
[Black "Salem, A.R. Saleh"]
[Result "0-1"]
[WhiteTitle "IM"]
[BlackTitle "GM"]
[WhiteElo "2371"]
[BlackElo "2622"]
[WhiteFideId "1154613"]
[BlackFideId "9301348"]
[EventDate "2024.12.03"]

1. e4 c5 2. Nf3 d6 3. Bb5+ Nd7 4. O-O a6 5. Be2 Ngf6 6. d3 e6 7. a4 b6 8. Nfd2
Be7 9. f4 O-O 10. Bf3 Bb7 11. Nc3 Qc7 12. g4 Nb8 13. Qe2 Nc6 14. Nb3 b5 15. g5
Nd7 16. Be3 b4 17. Nd1 Rae8 18. Qg2 f5 19. c4 bxc3 20. bxc3 e5 21. exf5 Rxf5 22.
g6 Nf6 23. gxh7+ Kh8 24. Qg6 Qd7 25. Bg2 Bd8 26. Bh3 Ne7 27. Bxf5 Nxf5 28. fxe5
Nh4 29. Qg5 Ng4 30. Qf4 Nxe5 31. Nc1 Nhf3+ 32. Kf2 Bg5 0-1

[Event "Qatar Masters Open 2024"]
[Site "Doha QAT"]
[Date "2024.12.04"]
[Round "2.28"]
[White "Pranav, V"]
[Black "Bakhrillaev, Bakhrom"]
[Result "1-0"]
[WhiteTitle "GM"]
[BlackTitle "FM"]
[WhiteElo "2621"]
[BlackElo "2369"]
[WhiteFideId "25060783"]
[BlackFideId "14212285"]
[EventDate "2024.12.03"]

1. e4 e5 2. Nf3 Nc6 3. Bb5 a6 4. Ba4 Nf6 5. O-O b5 6. Bb3 Bc5 7. c3 d6 8. a4 Rb8
9. d4 Bb6 10. a5 Ba7 11. h3 Bb7 12. Be3 Nxe4 13. Re1 Ne7 14. dxe5 Bxe3 15. Rxe3
O-O 16. Bc2 Nc5 17. Nbd2 Nd5 18. Re1 Nf4 19. exd6 Qxd6 20. Ne4 Bxe4 21. Bxe4
Rbd8 22. Qc2 Nxe4 23. Qxe4 Nd3 24. Re2 Qg6 25. Qh4 Rde8 26. Rxe8 Rxe8 27. b4 c5
28. bxc5 Nxc5 29. Rd1 h6 30. Qb4 Rc8 31. Qd4 Na4 32. Qd7 Qc6 33. Qe7 Qxc3 34.
Qb7 Qc2 35. Re1 Qc6 36. Qe7 Qc7 37. Qb4 Qc3 38. Qg4 Rf8 39. Re3 Qc1+ 40. Re1 Qc5
41. Nd4 Kh7 42. Re3 Rd8 43. Nf5 g6 44. Ng3 Nc3 45. Qf3 Nd5 46. Qxf7+ Kh8 47.
Qxg6 Nxe3 48. Qf6+ Kh7 49. Qxd8 Nd5 50. Qd7+ Ne7 51. Qe6 b4 52. Qxa6 Nc6 53.
Qb7+ Kg6 54. a6 Na7 55. Qd7 Qb6 56. Qf5+ Kg7 57. Nh5+ Kg8 58. Qg4+ Kf8 59. Qg7+ 1-0

[Event "Qatar Masters Open 2024"]
[Site "Doha QAT"]
[Date "2024.12.04"]
[Round "2.29"]
[White "Aradhya, Garg"]
[Black "Paravyan, David"]
[Result "1/2-1/2"]
[WhiteTitle "IM"]
[BlackTitle "GM"]
[WhiteElo "2365"]
[BlackElo "2620"]
[WhiteFideId "25006746"]
[BlackFideId "4194985"]
[EventDate "2024.12.03"]

1. d4 d5 2. c4 dxc4 3. Nf3 Nf6 4. e3 Bg4 5. Bxc4 e6 6. h3 Bh5 7. Nc3 c5 8. g4
Bg6 9. Ne5 cxd4 10. exd4 Nc6 11. Qa4 Nd7 12. Nxc6 bxc6 13. Qxc6 Bb4 14. Bb5 Rc8
15. Qxd7+ Qxd7 16. Bxd7+ Kxd7 17. Bd2 Rc4 18. Ke2 Rb8 19. Rac1 Rxd4 20. Rhd1 Bd6
21. b3 Rc8 22. Nb5 Rxc1 23. Rxc1 Rxd2+ 24. Kxd2 Bf4+ 25. Kd1 Bxc1 26. Kxc1 a6
27. Nc3 Kd6 28. Kd2 Kc5 29. a3 f6 30. Ke3 Bc2 31. Ne4+ Kc6 32. Nd2 Kd5 33. f4 h6
34. h4 Bd1 35. g5 fxg5 36. fxg5 hxg5 37. hxg5 Bc2 38. b4 e5 39. Nf3 Ke6 40. Nh4
Ba4 41. Kd3 Bd7 42. Kc4 Be8 43. Kc3 Kd5 44. Kd3 e4+ 45. Ke3 Ke5 46. Ng2 Kf5 47.
Nf4 Bc6 48. g6 Bb7 49. a4 Bc6 50. b5 Bxb5 51. axb5 axb5 1/2-1/2

[Event "Qatar Masters Open 2024"]
[Site "Doha QAT"]
[Date "2024.12.04"]
[Round "2.30"]
[White "Petrosyan, Manuel"]
[Black "Shturman, Arseniy"]
[Result "1/2-1/2"]
[WhiteTitle "GM"]
[BlackTitle "FM"]
[WhiteElo "2612"]
[BlackElo "2350"]
[WhiteFideId "13300857"]
[BlackFideId "34275797"]
[EventDate "2024.12.03"]

1. d4 Nf6 2. Nf3 d5 3. e3 e6 4. Bd3 c5 5. b3 Nc6 6. O-O Bd6 7. Bb2 O-O 8. Nbd2
Qe7 9. a3 e5 10. dxc5 Bxc5 11. b4 Bd6 12. e4 Bg4 13. exd5 Nxd5 14. h3 Bxf3 15.
Qxf3 Nf4 16. Nc4 Nxd3 17. cxd3 a6 18. Rae1 Qc7 19. Qg3 f6 20. Rc1 Rad8 21. Rfd1
Qf7 22. Ne3 Nd4 23. Re1 Bb8 24. Qg4 Ba7 25. Bxd4 Rxd4 26. Qe2 Rfd8 27. Rc3 Qd7
28. Rec1 Bb6 29. Nc4 Bc7 30. Ne3 Bb6 31. Nc4 Bc7 32. Ne3 1/2-1/2

[Event "Qatar Masters Open 2024"]
[Site "Doha QAT"]
[Date "2024.12.04"]
[Round "2.32"]
[White "Quesada Perez, Luis Ernesto"]
[Black "Zhu, Hengyi"]
[Result "0-1"]
[WhiteTitle "GM"]
[WhiteElo "2564"]
[BlackElo "2361"]
[WhiteFideId "3520773"]
[BlackFideId "8611211"]
[EventDate "2024.12.03"]

1. d4 Nf6 2. c4 e6 3. Nf3 b6 4. g3 Ba6 5. Qc2 c5 6. d5 exd5 7. cxd5 Bb7 8. Bg2
Nxd5 9. O-O Be7 10. Rd1 Qc8 11. Bg5 f6 12. Bd2 Nc7 13. Bf4 Ne6 14. Nc3 O-O 15.
Nd5 Nc6 16. h4 Rf7 17. h5 Bf8 18. e3 Ne7 19. Nh4 Nxd5 20. Bxd5 Bxd5 21. Rxd5 Qc6
22. Rad1 Re8 23. Qf5 Qa4 24. a3 Nd4 25. Qd3 Qc6 26. Qc4 b5 27. Qa2 Ne6 28. Qb1
Nd4 29. Qa2 Ne6 30. Bd6 c4 31. Qb1 Bxd6 32. Rxd6 Qc8 33. h6 Ng5 34. hxg7 Qa8 35.
Rxd7 Nh3+ 36. Kh2 Rxd7 37. Rxd7 Nxf2 38. Nf5 Ng4+ 39. Kg1 Qf3 40. Qc2 a6 41. e4
Qxf5 0-1

[Event "Qatar Masters Open 2024"]
[Site "Doha QAT"]
[Date "2024.12.04"]
[Round "2.33"]
[White "Abdisalimov, Abdimalik"]
[Black "Aziz, Husain"]
[Result "1-0"]
[WhiteTitle "GM"]
[BlackTitle "IM"]
[WhiteElo "2536"]
[BlackElo "2329"]
[WhiteFideId "14206323"]
[BlackFideId "12100293"]
[EventDate "2024.12.03"]

1. Nf3 d5 2. c4 e6 3. g3 Nf6 4. Bg2 dxc4 5. Qa4+ Nbd7 6. Qxc4 a6 7. Qc2 c5 8.
Nc3 Qc7 9. O-O b5 10. a4 Rb8 11. axb5 axb5 12. d4 c4 13. e4 Rb6 14. e5 Ng4 15.
h3 Nh6 16. d5 Bb4 17. d6 Qb8 18. Be3 Rb7 19. Ra2 Nf5 20. Rfa1 Nxe3 21. fxe3 1-0

[Event "Qatar Masters Open 2024"]
[Site "Doha QAT"]
[Date "2024.12.04"]
[Round "2.34"]
[White "Xu, Zhihang"]
[Black "Tissir, Mohamed"]
[Result "1/2-1/2"]
[WhiteTitle "IM"]
[BlackTitle "IM"]
[WhiteElo "2511"]
[BlackElo "2342"]
[WhiteFideId "8611572"]
[BlackFideId "9000240"]
[EventDate "2024.12.03"]

1. c4 Nf6 2. d4 g6 3. Nc3 Bg7 4. e4 O-O 5. Be2 d6 6. Be3 Nbd7 7. Nf3 e5 8. O-O
exd4 9. Nxd4 Re8 10. f3 c6 11. Qd2 d5 12. exd5 cxd5 13. Rad1 a6 14. cxd5 Nb6 15.
Nb3 Nbxd5 16. Nxd5 Qxd5 17. Qxd5 Nxd5 18. Rxd5 Be6 19. Rd3 Bxb3 20. Rxb3 Rxe3
21. Rxe3 Bd4 22. Rd1 Bxe3+ 23. Kf1 Rc8 24. Bd3 Rc1 25. Rxc1 Bxc1 26. Be4 Bxb2
27. Bxb7 a5 28. a4 Kf8 29. Ke2 Ke7 30. Bc6 Bc3 31. Kd3 Bb4 1/2-1/2

[Event "Qatar Masters Open 2024"]
[Site "Doha QAT"]
[Date "2024.12.04"]
[Round "2.35"]
[White "Navrotescu, Andreea"]
[Black "Madaminov, Mukhiddin"]
[Result "0-1"]
[WhiteTitle "WGM"]
[BlackTitle "GM"]
[WhiteElo "2356"]
[BlackElo "2501"]
[WhiteFideId "675946"]
[BlackFideId "14210703"]
[EventDate "2024.12.03"]

1. d4 Nf6 2. c4 g6 3. g3 c5 4. Nf3 cxd4 5. Nxd4 Bg7 6. Bg2 Nc6 7. O-O h5 8. h3
Nxd4 9. Qxd4 O-O 10. Nc3 d6 11. Qd3 Be6 12. Bxb7 Bxh3 13. Bg2 Bxg2 14. Kxg2 Qd7
15. e4 Rac8 16. f3 Qe6 17. b3 h4 18. g4 Qe5 19. f4 Qe6 20. f5 Qd7 21. Bd2 Nxg4
22. Qh3 Nf6 23. Qxh4 e6 24. Rh1 Rc5 25. Raf1 Nh5 26. Qg4 Nf6 27. Qh3 Nh5 28. Qf3
exf5 29. Nd5 fxe4 30. Qxe4 Re8 31. Qf3 Re5 32. Rh4 Qe6 33. Kh1 Rf5 34. Nf4 Qf6
35. Qa8+ Kh7 36. Rh3 Bh6 37. Rff3 Bxf4 38. Bc3 Be5 39. Rxh5+ Rxh5+ 40. Kg2 Qg5+ 0-1

[Event "Qatar Masters Open 2024"]
[Site "Doha QAT"]
[Date "2024.12.04"]
[Round "2.36"]
[White "Ankit Ray"]
[Black "Chanda, Sandipan"]
[Result "1/2-1/2"]
[WhiteTitle "FM"]
[BlackTitle "GM"]
[WhiteElo "2320"]
[BlackElo "2480"]
[WhiteFideId "25770624"]
[BlackFideId "5004225"]
[EventDate "2024.12.03"]

1. Nf3 f5 2. d3 Nc6 3. e4 e5 4. Nc3 d6 5. exf5 Bxf5 6. d4 e4 7. d5 exf3 8. dxc6
bxc6 9. Qxf3 Qd7 10. Bb5 Ne7 11. Ba4 g6 12. O-O Bg7 13. Bg5 O-O 14. Bxe7 Qxe7
15. Qxc6 Kh8 16. Rae1 Qh4 17. Ne4 Bxb2 18. Ng3 Be5 19. Bb5 Rab8 20. a4 Rf7 21.
Qc4 Qxc4 22. Bxc4 Rff8 23. Nxf5 Rxf5 24. f3 Rf4 25. Bb5 Rbf8 26. Re4 g5 27. Rfe1
Rb8 28. Rxf4 gxf4 29. Re4 Rb6 30. Kf2 c6 1/2-1/2

[Event "Qatar Masters Open 2024"]
[Site "Doha QAT"]
[Date "2024.12.04"]
[Round "2.37"]
[White "Kukhmazov, Arsen"]
[Black "Vaibhav, Jayant Raut"]
[Result "1-0"]
[WhiteTitle "IM"]
[BlackTitle "CM"]
[WhiteElo "2480"]
[BlackElo "2304"]
[WhiteFideId "24108260"]
[BlackFideId "5089034"]
[EventDate "2024.12.03"]

1. d4 Nf6 2. c4 e6 3. Nc3 Bb4 4. f3 d5 5. a3 Bxc3+ 6. bxc3 O-O 7. cxd5 exd5 8.
e3 c5 9. Bd3 b6 10. Ne2 Bb7 11. O-O Nc6 12. g4 h6 13. Ng3 Re8 14. Ra2 Na5 15. h4
Nd7 16. Rh2 Nf8 17. f4 Nc4 18. e4 Nd6 19. e5 Ne4 20. Bxe4 dxe4 21. g5 cxd4 22.
cxd4 Rc8 23. gxh6 Rxc1 24. Qxc1 Qxd4+ 25. Rff2 Rc8 26. Qd2 Qa1+ 27. Rf1 Qxa3 28.
hxg7 Ne6 29. Nf5 Qc5+ 30. Qf2 e3 31. Qxe3 Nxg7 32. Qxc5 Rxc5 33. Nh6+ Kh7 34.
Nxf7 Nf5 35. Nd6 Nxd6 36. exd6 Rd5 37. Re1 Bc8 38. Rc2 Bf5 39. Rc7+ Kg6 40. Rxa7
Rxd6 41. Kf2 Rd4 42. Kf3 Rd3+ 43. Re3 Rd6 44. Rb7 Bd7 45. Kg3 Kf5 46. Re5+ Kf6
47. Kf2 b5 48. Ke3 Rd1 49. Rb6+ Kf7 50. Rc5 Ke7 51. Rc7 Kd8 52. Ra7 1-0

[Event "Qatar Masters Open 2024"]
[Site "Doha QAT"]
[Date "2024.12.04"]
[Round "2.38"]
[White "Priansh, Das"]
[Black "Saydaliev, Saidakbar"]
[Result "0-1"]
[BlackTitle "IM"]
[WhiteElo "2311"]
[BlackElo "2473"]
[WhiteFideId "45029946"]
[BlackFideId "14203693"]
[EventDate "2024.12.03"]

1. e4 c5 2. Nf3 d6 3. d4 cxd4 4. Nxd4 Nf6 5. Nc3 a6 6. Be3 e5 7. Nb3 Be6 8. Qd2
Nbd7 9. f4 Rc8 10. f5 Bc4 11. Bxc4 Rxc4 12. Qd3 Rc8 13. O-O-O Qc7 14. Kb1 Be7
15. Rhg1 b5 16. g4 b4 17. Nd5 Nxd5 18. exd5 h6 19. Nd2 Bg5 20. Ne4 Bxe3 21. Qxe3
Nf6 22. Nxf6+ gxf6 23. Qd3 Qc4 24. b3 Qxd3 25. Rxd3 Ke7 26. Re1 h5 27. Re4 a5
28. a3 bxa3 29. Rd2 hxg4 30. Rxg4 Rh5 31. Rf2 Rh3 32. Ra4 Rc5 33. Rd2 Rf3 34. b4
Rb5 35. Rxa5 Rxb4+ 36. Ka1 Rb7 37. h4 Rxf5 38. Rxa3 Rf1+ 39. Ka2 Rh1 40. Ra4 f5
41. Re2 Kd7 42. Re3 f4 43. Rc3 Rc7 44. Rxc7+ Kxc7 45. Ra7+ Kb6 46. Rxf7 Rxh4 47.
c4 Kc5 48. Rc7+ Kd4 0-1

[Event "Qatar Masters Open 2024"]
[Site "Doha QAT"]
[Date "2024.12.04"]
[Round "2.39"]
[White "Suyarov, Mukhammadzokhid"]
[Black "Jin, Yueheng"]
[Result "1/2-1/2"]
[WhiteTitle "IM"]
[BlackTitle "IM"]
[WhiteElo "2466"]
[BlackElo "2309"]
[WhiteFideId "14210495"]
[BlackFideId "8616868"]
[EventDate "2024.12.03"]

1. Nf3 d5 2. e3 Nf6 3. b3 Bf5 4. Be2 h6 5. Ba3 Nbd7 6. O-O e6 7. Bxf8 Nxf8 8. c4
c6 9. Nc3 N8d7 10. b4 dxc4 11. Bxc4 Nb6 12. Be2 Bd3 13. a4 O-O 14. a5 Bxe2 15.
Qxe2 Nbd5 16. Nxd5 cxd5 17. Rfc1 a6 18. b5 axb5 19. Qxb5 Ne4 20. d3 Nd6 21. Qb4
Ra6 22. Nd4 Qb8 23. Rc3 Rc8 24. h3 Rxc3 25. Qxc3 Qc8 26. Qb2 Qc5 27. Nb3 Qb4 28.
Qa3 Qxa3 29. Rxa3 b6 30. Ra1 bxa5 31. Rxa5 Rxa5 32. Nxa5 f6 33. Nc6 Kf7 34. f4
g5 35. Kf2 Ke8 36. Kf3 Kd7 37. Nb4 Nf5 38. g3 Kd6 39. Nc2 Ng7 40. e4 dxe4+ 1/2-1/2

[Event "Qatar Masters Open 2024"]
[Site "Doha QAT"]
[Date "2024.12.04"]
[Round "2.40"]
[White "Jain, Kashish Manoj"]
[Black "Garifullina, Leya"]
[Result "1/2-1/2"]
[WhiteTitle "FM"]
[BlackTitle "IM"]
[WhiteElo "2308"]
[BlackElo "2451"]
[WhiteFideId "35081098"]
[BlackFideId "34127035"]
[EventDate "2024.12.03"]

1. e4 c5 2. Nf3 d6 3. Bb5+ Nd7 4. Ba4 Nf6 5. O-O e6 6. d3 Be7 7. c4 O-O 8. Nc3
Qc7 9. Qe2 a6 10. Nd2 e5 11. Re1 Nb8 12. Nf1 Nc6 13. Bxc6 bxc6 14. f4 exf4 15.
Bxf4 Nd7 16. Ng3 Bf6 17. Rf1 Re8 18. Kh1 Ne5 19. Qd2 g6 20. h3 Rb8 21. Rad1 Be6
22. b3 Bh8 23. Bg5 a5 24. Bf6 Bxf6 25. Rxf6 Qe7 26. Rdf1 Nd7 27. R6f2 Ne5 28.
Rf6 Nd7 29. R6f2 Ne5 30. Rf6 1/2-1/2

[Event "Qatar Masters Open 2024"]
[Site "Doha QAT"]
[Date "2024.12.04"]
[Round "2.41"]
[White "Zou, Chen"]
[Black "Manish Anto, Cristiano F"]
[Result "1-0"]
[WhiteTitle "IM"]
[BlackTitle "IM"]
[WhiteElo "2449"]
[BlackElo "2296"]
[WhiteFideId "8610959"]
[BlackFideId "25095927"]
[EventDate "2024.12.03"]

1. e4 e5 2. Nf3 Nc6 3. Bb5 a6 4. Ba4 Nf6 5. O-O d6 6. Bxc6+ bxc6 7. d4 exd4 8.
Nxd4 c5 9. Nc6 Qd7 10. Na5 Qa4 11. Qe1 Be7 12. c4 O-O 13. Bd2 Re8 14. f3 Qd7 15.
Nc3 c6 16. Na4 Qc7 17. Qg3 Nh5 18. Qf2 Be6 19. Rac1 Rab8 20. Nb3 Qc8 21. Rfe1 g6
22. e5 dxe5 23. Rxe5 Bd6 24. Ree1 Nf4 25. Naxc5 Rxb3 26. Nxb3 Nd3 27. Qd4 Qd8
28. Ba5 c5 29. Qe4 Qd7 30. Bc3 f5 31. Qh4 Be7 32. Qh6 Bf8 33. Qd2 Nxe1 34. Rxe1
Qc7 35. Nc1 Rd8 36. Qe2 Bf7 37. b3 Bd6 38. g3 g5 39. Rd1 h6 40. Nd3 Re8 41. Qf2
f4 42. Ba1 Bg6 43. Qb2 Qh7 44. Qf6 Be7 45. Qe6+ Bf7 46. Qd7 fxg3 47. hxg3 Kf8
48. Re1 Bg6 49. Bf6 Qf7 50. Bxe7+ Rxe7 51. Qd8+ Qe8 52. Qd6 Bxd3 53. Qf6+ Qf7
54. Qh8+ 1-0

[Event "Qatar Masters Open 2024"]
[Site "Doha QAT"]
[Date "2024.12.04"]
[Round "2.42"]
[White "Munkhzul, Turmunkh"]
[Black "Aaditya, Dhingra"]
[Result "0-1"]
[WhiteTitle "WGM"]
[BlackTitle "IM"]
[WhiteElo "2301"]
[BlackElo "2448"]
[WhiteFideId "4901878"]
[BlackFideId "25678191"]
[EventDate "2024.12.03"]

1. e4 c5 2. Nf3 e6 3. d4 cxd4 4. Nxd4 Nc6 5. Nc3 Qc7 6. a3 a6 7. Be3 Nf6 8. f4
d6 9. Qf3 Be7 10. O-O-O Bd7 11. Rg1 Nxd4 12. Bxd4 Rc8 13. Rd2 e5 14. Bf2 Qa5 15.
Nd5 Nxd5 16. exd5 O-O 17. g4 exf4 18. Bd4 Bb5 19. Bc3 Rxc3 20. Qxc3 Qxc3 21.
bxc3 Bd7 22. Kd1 Bd8 23. h3 Bb6 24. Rh1 Be3 25. Rdh2 Rc8 26. c4 Rc5 27. Bd3 b5
28. Ke2 bxc4 29. Be4 Ra5 30. Ra1 g6 31. Rhh1 Bd4 32. Ra2 Rb5 33. Kd2 Rb8 34. a4
Re8 35. Bf3 Re3 36. Be2 c3+ 37. Kd1 a5 38. Bb5 Bc8 39. Re1 Rxe1+ 40. Kxe1 Bc5
41. Ke2 Kg7 42. Kf3 g5 43. Bd3 h5 44. Ra1 hxg4+ 45. hxg4 Bd7 46. Bb5 Bc8 47. Bd3
Bd7 48. Re1 Bxa4 49. Ra1 Bd7 50. Rxa5 Kf6 51. Ra8 Ke5 52. Rd8 Ba4 53. Ra8 Bd7
54. Rg8 Kf6 55. Rd8 Ke7 56. Rb8 Ba4 57. Ke4 Kf6 58. Rb7 Be3 59. Rb4 Bd7 60. Kf3
Bc5 61. Rb7 Ba4 62. Ke2 Be3 63. Bf5 Bc5 64. Kd3 f3 65. Kxc3 f2 66. Bd3 Be3 67.
Be2 Bc5 68. Kd2 Be8 69. Bd3 Ba4 70. Ke2 Kg7 71. Kf1 Kf6 72. Kg2 Kg7 73. Rc7 Kf6
74. Kf1 Be8 75. Bc4 Ba4 76. Bd3 Be8 77. Ke2 Ba4 78. Rb7 Kg7 79. Kd2 Kf6 80. Be2
Kg7 81. Bf1 Kf6 82. Bd3 Kg7 83. c3 Kf6 84. Ke2 Kg7 85. Kd2 Kf6 86. Bc4 Kg7 87.
Bf1 Kf6 88. Bd3 Kg7 89. Ke2 Kf6 90. Rc7 Bb3 91. c4 Ba4 92. Rb7 Kg7 93. Kd2 Kf6
94. Bf1 Kg7 95. Bd3 Kf6 96. Ke2 Kg7 97. Rc7 Kf6 98. Rb7 Kg7 99. Kd2 Kf6 100. Be2
Kg6 101. Bd3+ Kf6 102. Be2 Kg6 103. Rb8 Bd7 104. Rb1 Kf6 105. Bf3 Ke5 106. Ke2
f5 107. gxf5 Bxf5 108. Rh1 Kf4 109. Bg2 Bg4+ 110. Kf1 Bf5 111. Ke2 Kg3 112. Bf1
Bg4+ 113. Kd3 Bf3 114. Rh6 g4 115. Rf6 Kh2 116. Rxf3 gxf3 117. Ke4 Kg1 118. Bh3
f1=Q 119. Bxf1 Kxf1 120. Kxf3 Ke1 0-1

[Event "Qatar Masters Open 2024"]
[Site "Doha QAT"]
[Date "2024.12.04"]
[Round "2.43"]
[White "Nigmatov, Ortik"]
[Black "Jeet, Jain"]
[Result "1-0"]
[WhiteTitle "IM"]
[BlackTitle "FM"]
[WhiteElo "2447"]
[BlackElo "2301"]
[WhiteFideId "14202131"]
[BlackFideId "5073022"]
[EventDate "2024.12.03"]

1. e4 c5 2. Nf3 d6 3. d4 cxd4 4. Nxd4 Nf6 5. Nc3 Nc6 6. Bg5 e6 7. Qd2 a6 8. Nxc6
bxc6 9. O-O-O Be7 10. Bxf6 gxf6 11. Bc4 Bb7 12. Bb3 Qc7 13. Qh6 O-O-O 14. Qh5
Bf8 15. Ne2 c5 16. Nc3 Kb8 17. Qe2 Bg7 18. f4 f5 19. exf5 d5 20. fxe6 fxe6 21.
Qxe6 Rd6 22. Qf5 c4 23. Nxd5 Bxd5 24. Rxd5 cxb3 25. Rxd6 Qxd6 26. axb3 Rf8 27.
Qxh7 Qxf4+ 28. Kb1 Qe5 29. c3 Rf2 30. Qd3 Qe2 31. Qxe2 Rxe2 32. g4 Rg2 33. h3
Rg3 34. Re1 Bf6 35. Re6 Bg5 36. Rg6 Bd8 37. Rxa6 Rxh3 38. Rg6 Rg3 39. b4 Kc7 40.
Ka2 Kd7 41. b5 Ke7 42. b6 Kd7 43. c4 Rg2 44. c5 Rc2 45. Rd6+ Ke8 46. b7 Bc7 47.
Rb6 Bb8 48. Rc6 Kd7 49. Rc8 Be5 50. b8=Q Bxb8 51. Rxb8 Rxc5 52. Rb3 Ra5+ 53. Ra3
Rg5 54. Rg3 Kd6 55. b4 Kd5 56. Kb3 Kd4 57. Rg1 Kd5 58. Kc3 Kd6 59. Kd4 Rb5 60.
Kc4 Rg5 61. Rd1+ Kc6 62. Rd4 Rg6 63. Kd3 Re6 64. g5 Rg6 65. Rg4 Kd5 66. b5 Ke5
67. Kc4 Kd6 68. Kd4 Kd7 69. Kd5 Rd6+ 70. Kc5 Rg6 71. Rd4+ Kc7 72. Rd5 Re6 73.
Rf5 Rg6 74. Re5 Kd7 75. Kd5 Rg8 76. Ke4 Kd6 77. b6 Rb8 78. Rb5 Rb7 79. Kf5 Ke7
80. Ke5 Kd7 81. g6 Ke8 82. Ke6 1-0

[Event "Qatar Masters Open 2024"]
[Site "Doha QAT"]
[Date "2024.12.04"]
[Round "2.44"]
[White "Ajay Santhosh Parvathareddy"]
[Black "Shyaam Nikhil P"]
[Result "1/2-1/2"]
[WhiteTitle "FM"]
[BlackTitle "GM"]
[WhiteElo "2299"]
[BlackElo "2445"]
[WhiteFideId "25998676"]
[BlackFideId "5024218"]
[EventDate "2024.12.03"]

1. d4 Nf6 2. c4 e6 3. g3 Bb4+ 4. Nd2 c5 5. a3 Bxd2+ 6. Qxd2 cxd4 7. Nf3 d5 8.
cxd5 Qxd5 9. Qxd4 Nc6 10. Qxd5 Nxd5 11. Bg2 Bd7 12. O-O Na5 13. Nd2 Rc8 14. b4
Nc4 15. Nxc4 Rxc4 16. Bb2 O-O 17. Rac1 Rxc1 18. Rxc1 Rc8 19. Rxc8+ Bxc8 20. Bd4
a6 21. f4 f6 22. Kf2 Kf7 23. e4 Ne7 24. Ke3 Bd7 25. Bc3 Bc6 26. Bf1 Bb5 27. Bg2
Bc6 28. Bh3 f5 29. exf5 Nxf5+ 30. Kd3 h5 31. Be5 g6 32. Kd2 Ne7 33. Bf1 Bb5 34.
Bg2 Bc6 35. Bf1 Bb5 36. Bd3 Bxd3 37. Kxd3 Nf5 38. Ke4 Ke7 39. Bb8 Nh6 40. h3 Nf7
41. g4 hxg4 42. hxg4 Nd8 43. Ba7 Nc6 44. Bc5+ Ke8 45. Bb6 Kd7 46. Bc5 b5 47. Bb6 1/2-1/2

[Event "Qatar Masters Open 2024"]
[Site "Doha QAT"]
[Date "2024.12.04"]
[Round "2.45"]
[White "Mammadzada, Gunay"]
[Black "Khoder, Akram"]
[Result "0-1"]
[WhiteTitle "IM"]
[BlackTitle "FM"]
[WhiteElo "2421"]
[BlackElo "2232"]
[WhiteFideId "13403729"]
[BlackFideId "5306914"]
[EventDate "2024.12.03"]

1. e4 e5 2. Nf3 Nc6 3. Bb5 a6 4. Ba4 Nge7 5. c3 Ng6 6. d4 exd4 7. Nxd4 Bc5 8.
Be3 Nce5 9. O-O O-O 10. Nd2 d6 11. h3 Nd3 12. Bc2 Ndf4 13. Qf3 Ne6 14. Qg3 Nxd4
15. cxd4 Ba7 16. Rfe1 c6 17. Nf3 f5 18. exf5 Bxf5 19. Bg5 Qd7 20. Bxf5 Rxf5 21.
Nh4 Rd5 22. Nxg6 hxg6 23. Re7 Qf5 24. Be3 Rb8 25. Re1 Bb6 26. Qh4 Qh5 27. Qxh5
gxh5 28. Rd7 a5 29. a4 Re8 30. Rc1 Bxd4 31. Bxd4 Rxd4 32. Rxb7 c5 33. b3 Re2 34.
Rc3 Rd1+ 35. Kh2 Rxf2 36. Rg3 Rf7 37. Rb5 Rff1 38. Rb8+ Rf8 39. Rb7 Rf7 40. Rb8+
Kh7 41. Rg5 g6 42. Rb5 Kh6 43. Rg3 Rff1 44. Rf3 Rxf3 45. gxf3 Rd3 46. Kg3 Kg5
47. h4+ Kf5 48. Rb8 Rd4 49. Rf8+ Ke6 50. Rg8 Kf7 51. Rd8 Ke7 52. Rg8 Rb4 53.
Rxg6 Rxb3 54. Rg5 c4 55. Kf2 Rd3 56. Ke2 d5 57. Rxh5 Kd6 58. Rh8 Ke5 59. h5 Ra3
60. f4+ Kxf4 61. h6 Re3+ 62. Kd2 Re7 63. h7 Ke4 64. Kc3 Ke5 65. Ra8 Rxh7 66.
Rxa5 Rh3+ 0-1

[Event "Qatar Masters Open 2024"]
[Site "Doha QAT"]
[Date "2024.12.04"]
[Round "2.46"]
[White "Vivaan Vishal Shah"]
[Black "Begmuratov, Khumoyun"]
[Result "1/2-1/2"]
[WhiteTitle "CM"]
[BlackTitle "IM"]
[WhiteElo "2296"]
[BlackElo "2416"]
[WhiteFideId "25184237"]
[BlackFideId "14210207"]
[EventDate "2024.12.03"]

1. e4 c5 2. Nf3 d6 3. d4 cxd4 4. Nxd4 Nf6 5. Nc3 e6 6. g4 e5 7. Nf5 h5 8. Bg5
hxg4 9. Nd5 Bxf5 10. Bxf6 gxf6 11. exf5 Bh6 12. c3 Bg5 13. h4 gxh3 14. Rxh3 Rxh3
15. Bxh3 Kf8 16. Qh5 Kg7 17. Ke2 Qa5 18. Rg1 Qxd5 19. Rxg5+ fxg5 20. Qxg5+ Kf8
21. Qd8+ Kg7 22. Qg5+ Kf8 23. Qd8+ Kg7 24. Qg5+ 1/2-1/2